000 00954nam a2200253Ia 4500
003 OSt
005 20221005110618.0
006 a|||||r|||| 00| 0
007 ta
008 221004b |||||||| |||| 00| 0 hin d
020 _a9788126317868 (hbk)
_c160
024 _a102406
037 _b465, 12/02/2010, Eastern Book Linkers
_cTextual
040 _aCRL
_cCRL
_bhin
041 _2hin
_ahin
082 _aR6:g(Q:31), 152P9
100 _aजैन, वीरसागर
245 0 _aभारतीय दर्शन में आत्मा एवं परमात्मा
246 _aBhāratīya darshan mean ātmā evan paramātmā
260 _aनई दिल्ली
_bभारतीय ज्ञानपीठ भारत
_c2009
300 _a248पृ0
_ccm.
942 _hR6:g(Q:31), 152P9
_cTEXL
_2cc
999 _c1019345
_d1019345